| 000 | 00878cam a2200241 4500 | ||
|---|---|---|---|
| 001 | ABS64237 | ||
| 008 | 010731n2001 000 0 eng u | ||
| 035 | _a(Sirsi) u113870 | ||
| 100 | _aEade, C. | ||
| 245 | _aRoadside special report | ||
| 260 | _c2001 | ||
| 490 |
_aProperty Week _v66(28) 13 July 2001, 40-52(5) |
||
| 520 | _aSeries of articles which look at Britain's car wash market; Mercedes' radical decision to cut out its dealers and embark on property development of car showrooms; and how hotel operators and motorway services are benefiting from the business traveller. | ||
| 590 | _aABS | ||
| 650 | _aCAR WASH MARKET | ||
| 650 | _aCAR SHOWROOMS | ||
| 650 | _aDEVELOPMENT | ||
| 650 | _aHOTEL OPERATORS | ||
| 650 | _aMOTORWAY SERVICE AREAS | ||
| 650 | _aMANUFACTURERS | ||
| 690 | _aPROPERTY-COMMERCIAL PROPERTY-COMMERCIAL PROPERTY MARKET | ||
| 942 | _n0 | ||
| 999 |
_c67845 _d67845 |
||